Low carbon construction (Record no. 111527)
[ view plain ]
| 000 -LEADER | |
|---|---|
| fixed length control field | 01089cad a22002175a 4500 |
| 001 - CONTROL NUMBER | |
| control field | L151674 |
| 008 - FIXED-LENGTH DATA ELEMENTS--GENERAL INFORMATION | |
| fixed length control field | 101130s2010 xxk g 000 0 eng d |
| 035 ## - SYSTEM CONTROL NUMBER | |
| System control number | (Sirsi) u151674 |
| 041 0# - LANGUAGE CODE | |
| Language code of text/sound track or separate title | eng |
| 050 ## - LIBRARY OF CONGRESS CALL NUMBER | |
| Classification number | 696.9 $2 18 |
| 110 2# - MAIN ENTRY--CORPORATE NAME | |
| Corporate name or jurisdiction name as entry element | United Kingdom |
| Subordinate unit | Department for Business, Innovation and Skills |
| 9 (RLIN) | 5760 |
| 240 ## - UNIFORM TITLE | |
| Uniform title | Morrell's report |
| 245 00 - TITLE STATEMENT | |
| Title | Low carbon construction |
| Remainder of title | innovation and growth team, final report, executive summary |
| Medium | [electronic resource] |
| 260 ## - PUBLICATION, DISTRIBUTION, ETC. | |
| Place of publication, distribution, etc. | London |
| Name of publisher, distributor, etc. | BIS |
| Date of publication, distribution, etc. | 2010 |
| 520 ## - SUMMARY, ETC. | |
| Summary, etc. | The Executive Summary of the final report of an Innovation and Growth Team (IGT), drawn from across the UK construction industry to consider how the UK construction industry can rise to the challenge of the low carbon agenda; sometimes referred to as the Morrell Report. |
| 590 ## - LOCAL NOTE (RLIN) | |
| Local note | KA NTK |
| 651 #4 - SUBJECT ADDED ENTRY--GEOGRAPHIC NAME | |
| Geographic name | United Kingdom |
| Chronological subdivision | |
| 690 ## - LOCAL SUBJECT ADDED ENTRY--TOPICAL TERM (OCLC, RLIN) | |
| Topical term or geographic name as entry element | BUILT ENVIRONMENT-SUSTAINABLE CONSTRUCTION |
| 856 40 - ELECTRONIC LOCATION AND ACCESS | |
| Uniform Resource Identifier | <a href="https://www.constructingexcellence.org.uk/news/pdf_news_articles/8811-BIS-Low%20Carbon%20ExSum.pdf">https://www.constructingexcellence.org.uk/news/pdf_news_articles/8811-BIS-Low%20Carbon%20ExSum.pdf</a> |
| Public note | View this item free of charge at www.constructingexcellence.org.uk |
| 942 ## - ADDED ENTRY ELEMENTS (KOHA) | |
| Suppress in OPAC | 0 |
| Withdrawn status | Lost status | Source of classification or shelving scheme | Damaged status | Not for loan | Home library | Current library | Shelving location | Date acquired | Total Checkouts | Full call number | Barcode | Date last seen | Copy number | Price effective from | Koha item type |
|---|---|---|---|---|---|---|---|---|---|---|---|---|---|---|---|
| Dewey Decimal Classification | Virtual | Virtual | Online | 30/11/2010 | ONLINE PUBLICATION | 151674-2001 | 06/08/2019 | 1 | 06/08/2019 | Book |